| 000 -LEADER |
| fixed length control field |
00779nam a22002297a 4500 |
| 005 - DATE AND TIME OF LATEST TRANSACTION |
| control field |
20240205093747.0 |
| 008 - FIXED-LENGTH DATA ELEMENTS--GENERAL INFORMATION |
| fixed length control field |
240205b ||||| |||| 00| 0 eng d |
| 020 ## - INTERNATIONAL STANDARD BOOK NUMBER |
| International Standard Book Number |
9781407157535 |
| 040 ## - CATALOGING SOURCE |
| Transcribing agency |
KH8 |
| 082 ## - DEWEY DECIMAL CLASSIFICATION NUMBER |
| Classification number |
FIC STI |
| 100 ## - MAIN ENTRY--PERSONAL NAME |
| Personal name |
Stine , R. L |
| Relator term |
Author |
| 245 ## - TITLE STATEMENT |
| Title |
Vampire breath |
| Statement of responsibility, etc. |
R. L Stine |
| 260 ## - PUBLICATION, DISTRIBUTION, ETC. |
| Place of publication, distribution, etc. |
New York, |
| Name of publisher, distributor, etc. |
Scholastic Inc., |
| Date of publication, distribution, etc. |
2011 |
| 300 ## - PHYSICAL DESCRIPTION |
| Extent |
114 pages ; |
| Dimensions |
20 cm. |
| 440 ## - SERIES STATEMENT/ADDED ENTRY--TITLE |
| Title |
Goosebumps |
| 520 ## - SUMMARY, ETC. |
| Summary, etc. |
Exploring his basement, Freddy and his friend Cara discover a mysterious bottle labeled "vampire breath" and accidentally break it open, unleashing a very thirsty Count Nightwing on the town |
| 521 ## - TARGET AUDIENCE NOTE |
| Target audience note |
Age: 8-12 years. |
| 650 ## - SUBJECT ADDED ENTRY--TOPICAL TERM |
| Topical term or geographic name entry element |
Dentists |
| General subdivision |
Juvenile fiction |
| 650 ## - SUBJECT ADDED ENTRY--TOPICAL TERM |
| Topical term or geographic name entry element |
Horror tales |
| 650 ## - SUBJECT ADDED ENTRY--TOPICAL TERM |
| Topical term or geographic name entry element |
Vampires Fiction |
| 942 ## - ADDED ENTRY ELEMENTS (KOHA) |
| Source of classification or shelving scheme |
|
| Koha item type |
Books - Fiction |